| 000 | 00658nam a22002057a 4500 | ||
|---|---|---|---|
| 003 | OSt | ||
| 005 | 20130411200106.0 | ||
| 008 | 130402s2012 sp ||||| |||| 00| ||cat d | ||
| 020 | _a9788415456469 | ||
| 040 | _cCDMR | ||
| 100 | 1 |
_92934 _aCapdevila, Lluís |
|
| 245 | 1 | 0 |
_aHistòria de la meva vida i dels meus fantasmes _b: la República, el periodisme, el teatre _cLluís Capdevila ; edició a cura de Francesc Canosa Farran |
| 250 | _a1a ed. | ||
| 260 |
_aValls _bCossetània _c2012 |
||
| 300 | _a325 p. | ||
| 490 | 0 |
_aMemòria del Segle XX _v20 |
|
| 600 | 1 |
_92934 _aCapdevila, Lluís |
|
| 650 | 0 | 4 |
_93139 _aPeriodistes catalans _vBiografia |
| 942 |
_cMON _2udc |
||
| 999 |
_c6037 _d6037 |
||